<?xml version="1.0" encoding="UTF-8"?>
<record
    xmlns:xsi="http://www.w3.org/2001/XMLSchema-instance"
    xsi:schemaLocation="http://www.loc.gov/MARC21/slim http://www.loc.gov/standards/marcxml/schema/MARC21slim.xsd"
    xmlns="http://www.loc.gov/MARC21/slim">

  <leader>00781nam a22001337a 4500</leader>
  <datafield tag="040" ind1=" " ind2=" ">
    <subfield code="c">RUA</subfield>
  </datafield>
  <datafield tag="082" ind1=" " ind2=" ">
    <subfield code="a">VEM CHH 2022 B1.401 Or.1</subfield>
  </datafield>
  <datafield tag="100" ind1=" " ind2=" ">
    <subfield code="a">CHHORN CHANCHAKRIYA, &#x1788;&#x1793; &#x1785;&#x17D0;&#x1793;&#x17D2;&#x1791;&#x1785;&#x179A;&#x17B7;&#x1799;&#x17B6;</subfield>
  </datafield>
  <datafield tag="245" ind1=" " ind2=" ">
    <subfield code="a">Assessment of antibiotic use and antimicrobial resistance in poultry farms in kampong speu province, &#x1780;&#x17B6;&#x179A;&#x1794;&#x17D2;&#x179A;&#x17BE;&#x1794;&#x17D2;&#x179A;&#x17B6;&#x179F;&#x17CB;&#x17B3;&#x179F;&#x1790;&#x17A2;&#x1784;&#x17CB;&#x1791;&#x17B8;&#x1794;&#x17CA;&#x17B8;&#x1799;&#x17C9;&#x17BC;&#x1791;&#x17B7;&#x1780; &#x1793;&#x17B7;&#x1784;&#x1797;&#x17B6;&#x1796;&#x179F;&#x17CA;&#x17B6;&#x17C6;&#x1793;&#x17B9;&#x1784;&#x17B3;&#x179F;&#x1790;&#x1794;&#x17D2;&#x179A;&#x1786;&#x17B6;&#x17C6;&#x1784;&#x1798;&#x17C1;&#x179A;&#x17C4;&#x1782;&#x1793;&#x17C5;&#x1780;&#x17D2;&#x1793;&#x17BB;&#x1784;&#x1795;&#x179B;&#x17B7;&#x178F;&#x1780;&#x1798;&#x17D2;&#x1798;&#x1794;&#x1780;&#x17D2;&#x179F;&#x17B8;&#x1793;&#x17C5;&#x1781;&#x17C1;&#x178F;&#x17D2;&#x178F;&#x1780;&#x17C6;&#x1796;&#x1784;&#x17CB;&#x179F;&#x17D2;&#x1796;&#x17BA;</subfield>
  </datafield>
  <datafield tag="260" ind1=" " ind2=" ">
    <subfield code="a">PHNOM PENH</subfield>
    <subfield code="b">RUA</subfield>
    <subfield code="c">2022</subfield>
  </datafield>
  <datafield tag="300" ind1=" " ind2=" ">
    <subfield code="a">x,</subfield>
    <subfield code="b">ill,</subfield>
    <subfield code="c">29cm,</subfield>
  </datafield>
  <datafield tag="856" ind1=" " ind2=" ">
    <subfield code="u">https://drive.google.com/file/d/1Ys9M5CK7CM0s61AvGwXIFsuOQAHHTLTm/view?usp=sharing</subfield>
  </datafield>
  <datafield tag="942" ind1=" " ind2=" ">
    <subfield code="c">VEM</subfield>
  </datafield>
  <datafield tag="999" ind1=" " ind2=" ">
    <subfield code="c">24257</subfield>
    <subfield code="d">24257</subfield>
  </datafield>
  <datafield tag="952" ind1=" " ind2=" ">
    <subfield code="0">0</subfield>
    <subfield code="1">0</subfield>
    <subfield code="4">0</subfield>
    <subfield code="6">VEM_CHH_2022_000000000000000_B1_401_OR_1</subfield>
    <subfield code="7">0</subfield>
    <subfield code="9">103135</subfield>
    <subfield code="a">LBB</subfield>
    <subfield code="b">LBB</subfield>
    <subfield code="d">2025-02-14</subfield>
    <subfield code="o">VEM CHH 2022 B1.401 Or.1</subfield>
    <subfield code="p">A079411</subfield>
    <subfield code="r">2025-02-14</subfield>
    <subfield code="y">VEM</subfield>
  </datafield>
  <datafield tag="952" ind1=" " ind2=" ">
    <subfield code="0">0</subfield>
    <subfield code="1">0</subfield>
    <subfield code="4">0</subfield>
    <subfield code="6">VEM_CHH_2022_000000000000000_B1_401_OR_2</subfield>
    <subfield code="7">0</subfield>
    <subfield code="9">103136</subfield>
    <subfield code="a">LBB</subfield>
    <subfield code="b">LBB</subfield>
    <subfield code="d">2025-02-14</subfield>
    <subfield code="o">VEM CHH 2022 B1.401 Or.2</subfield>
    <subfield code="p">A079415</subfield>
    <subfield code="r">2025-02-14</subfield>
    <subfield code="y">VEM</subfield>
  </datafield>
  <datafield tag="952" ind1=" " ind2=" ">
    <subfield code="0">0</subfield>
    <subfield code="1">0</subfield>
    <subfield code="4">0</subfield>
    <subfield code="6">VEM_CHH_2022_000000000000000_B1_401_OR_3</subfield>
    <subfield code="7">0</subfield>
    <subfield code="9">103137</subfield>
    <subfield code="a">LBB</subfield>
    <subfield code="b">LBB</subfield>
    <subfield code="d">2025-02-14</subfield>
    <subfield code="l">3</subfield>
    <subfield code="o">VEM CHH 2022 B1.401 Or.3</subfield>
    <subfield code="p">A079419</subfield>
    <subfield code="r">2025-07-10</subfield>
    <subfield code="s">2025-06-19</subfield>
    <subfield code="y">VEM</subfield>
  </datafield>
</record>
